000
00321pam a2200133 a 4500
020
_c
041
_h
082
_a
658.562
_b
FET
100
_a
FETTER R.B.,
245
_a
QULITY CONTROL SYSTEMS
_h
Textual Documents
260
_a
BOMBAY
_b
D.B. TARAPORENVALA SONS and CO PVT LTD
_c
1967
300
_a
VII+141
930
_a
7980
999
_c
127436
_d
127436